Entry Personal Name
Number of records used in: 1
001 - CONTROL NUMBER
003 - CONTROL NUMBER IDENTIFIER
005 - DATE AND TIME OF LATEST TRANSACTION
- control field:
20200124112220.0
008 - FIXED-LENGTH DATA ELEMENTS
- fixed length control field:
070322n| acannaabn |a aaa c
010 ## - LIBRARY OF CONGRESS CONTROL NUMBER
- LC control number:
nr2007005693
040 ## - CATALOGING SOURCE
- Original cataloging agency:
CSt
- Language of cataloging:
eng
- Transcribing agency:
CSt
100 1# - HEADING--PERSONAL NAME
- Personal name:
Jain, Shruti
400 0# - SEE FROM TRACING--PERSONAL NAME
- Personal name:
Shruti Jain
670 ## - SOURCE DATA FOUND
- Source citation:
Concise encyclopaedia of international institutions and organizations, 2005:
- Information found:
t.p. (Shruti Jain) p. 4 of cover (master's degree in publ. admin. from Panjab Univ., Chandigarh; book editor)